01015nam a22002897a 4500003000500000005001700005008004100022010001000063011001000073035001000083040000900093090001100102100002800113245006800141500007800209590004100287590004100328590004100369590004200410650002000452650004700472901000700519942001000526949004100536999001700577952013100594CHAP20220329141632.0971013s r 00010 d a71388 a72360 a81915 cCHAP aR-192400aCambra, Mariano.917799 aPlantaciones intensivasb: el cordón vertical en melocotonero aSobretiro de: Jornadas Nacionales de Hortofruticultura. 3, Zaragoza, 1981 aBATCH-UPDb10c20130110lUCH01h1100 aBATCH-UPDb10c20130410lUCH01h0653 aBATCH-UPDb10c20130914lUCH01h1224 aCONVERSIONb10c20130109lUCH01h133914aDurazno.93457014aPlantación de árboles frutales.988783 aBK cREIMP aR-1924bBCcRd-35635eTS1i81915si c71388d71388 00104054718RaBCbBCcPA_Rd2012-12-17fREIMPl0oR-1924p-35635r2019-12-31 00:00:00w2019-12-31yREIMPzRecien adquirido